00831 2200265 4500001002100000005001500021035002000036007000300056008004100059040002200100082001700122084001900139090002100158100003500179245007400214300003900288650001800327850001200345504002800357264008600385336002100471337003000492338002300522990002000545INLIS00000000088087020230811111412 a0010-0823000360ta230811s1976 yoia g ind d aYOPDYOGbinderda04223a539.7212 a539.7212 PRA s aL 539.7212 PRA s0 aPramudita Anggraitaepengarang10aSangkutan dispersi dalam faktor-bentuk nukleon /cPramudita Anggraita aiii, 20 halaman :bgambar ;c30 cm 4aFisika nuklir aYOPDYOG aBibliografi: halaman 2031aYogyakarta :bBadan Tenaga Atom Nasional Pusat Penelitian Tenaga Atom Gama,c1976 2rdacontentateks 2rdamediaatanpa perantara 2rdacarrieravolume a71128-PD/A.2023